Deuda eterna [juego] /

Guardado en:
Formato: Objeto Físico
Publicado: Argentina : Ruibal, [200?]
Materias:
Etiquetas: Agregar Etiqueta
deuda 1
LEADER 00925nrm a22001455g 4500
001 CEM.cems019458
008 130507b200?##################0###0#####d
005 20220830184453.0
245 0 0 |a Deuda eterna [juego] /  |c Ruibal 
260 |a Argentina :  |b Ruibal,  |c [200?] 
300 |a 1 juego (1 tablero,4 dados, 144 billetes, 18 lingotes reservas 18 k, 36 pequeñas industrias, 36 grandes industrias, 12 tarjetas de propiedad 17 tarjetas de condiciones, 21 tarjetas de solidaridad, 1 barrera proteccionista, 6 peones); en caja 46 x 25 x 6 cm. + manual de instrucciones. 
500 |a Para 3 a 6 jugadores/a partir de 10 años y adultos/objetivo: aprovechar las materias que produce Latinoamérica, industrializarlas e introducir los productos elaborados en los grandes mercados del norte... 
082 0 4 |a J793.9 
653 |a 1. juegos de negocios y finanzas/2. juegos de manejo de dinero 
859 |a CEMS  |b BIB. CEMS - Ludoteca  |h J793.9  |i R858  |p 258.02  |t Ej.1